Winningest College Football Teams Since 2010 - Statistics

General Stats
  • This quiz has been taken 15 times
  • The average score is 23 of 31
Answer Stats
Hint Answer Win-Loss Win Percentage % Correct
SEC Alabama 193-29 86.9%
100%
ACC Florida St 134-71 65.4%
100%
SEC Georgia 173-45 79.4%
100%
BIG10 Iowa 132-73 64.4%
100%
SEC LSU 150-57 72.5%
100%
BIG10 Michigan 144-60 70.6%
100%
MAC Ohio 126-74 63.0%
100%
BIG10 Ohio St 183-29 86.3%
100%
BIG10 Penn St 139-67 67.5%
100%
BIG10 USC 130-72 64.4%
100%
MWC Boise St 158-50 76.0%
83%
ACC Clemson 173-45 79.4%
83%
BIG12 Kansas St 127-77 62.3%
83%
BIG10 Michigan St 123-77 61.5%
83%
IND Notre Dame 156-52 75.0%
83%
SEC Oklahoma 161-49 76.7%
83%
BIG12 Oklahoma St 134-72 65.1%
83%
BIG10 Oregon 163-47 77.6%
83%
SEC Texas 126-80 61.2%
83%
SEC Texas A&M 132-71 65.0%
83%
BIG10 Washington 132-71 65.0%
83%
BIG10 Wisconsin 138-68 67.0%
83%
ACC Miami 125-80 61.0%
67%
BIG12 TCU 134-70 65.7%
67%
BIG12 BYU 134-73 64.7%
50%
BIG12 Utah 130-71 65.7%
50%
MAC Toledo 132-69 65.7%
33%
BIG12 UCF 127-77 62.3%
33%
BIG12 Cincinatti 125-77 61.9%
17%
MWC San Diego St 129-75 63.2%
17%
ACC Louisville 127-79 61.7%
0%
No matching quizzes found
Score Distribution
Percent of People with Each Score
Percentile by Number Answered
Your Score History
You have not taken this quiz